| 000 | 00789nam a2200241 a 4500 | ||
|---|---|---|---|
| 001 | 000022180 | ||
| 005 | 20200930011622.0 | ||
| 008 | 100917s1995 sp 000 0 spa d | ||
| 020 | _a8420646601 | ||
| 040 |
_aDO-SdBNP _bspa _cBNPHU |
||
| 082 |
_a864.6 _bD346d |
||
| 100 | 1 |
_aDeleito y Piñuela, José, _d1879-1952 _945888 |
|
| 245 | 1 | 3 |
_aEl desenfreno erótico / _cJosé Deleito y Piñuela. |
| 260 |
_aMadrid : _bAlianza, _bGrupo Anaya, _c1995. |
||
| 300 |
_a95 p. ; _c15 cm. |
||
| 490 | 1 |
_aAlianza cien _v60 |
|
| 500 | _aLibro de bolsillo | ||
| 650 | 4 |
_aEnsayos españoles _93095 |
|
| 650 | 4 |
_aAdulterio en la literatura _945889 |
|
| 650 | 4 |
_aCostumbres sexuales _zEspaña _ySIGLO XIX _945890 |
|
| 651 | 4 |
_aEspaña _xVida Social Y Costumbres _918614 |
|
| 830 | 0 |
_aAlianza cien ; _n60 _945891 |
|
| 999 |
_c21678 _d21678 |
||